000 00613nam a2200229Ia 4500
003 OSt
005 20220918193001.0
006 a|||||r|||| 00| 0
007 ta
008 220917b |||||||| |||| 00| 0 eng d
024 _a71,390
037 _cTextual
040 _aARTS
_cARTS
_beng
041 _2eng
_aeng
082 _aR3xM890jL24, M8
100 _aSherover C M
_941534
245 0 _aHeidegger Kant and time
260 _aWashington
_bC A R P U Press of America
_c1988
300 _axiii, 322p.
_ccm.
942 _hR3xM890jL24, M8
_cTEXL
_2CC
999 _c197463
_d197463